00609nam a22001697a 450000500170000001000130001702000260003003500110005603700130006708200070008010000360008724500930012324600560021626000520027227000920032430000230041620201203151510.0 aUR-10952 c200.00a9789389733303 aU-9507 bDBAD/PUB aک aمحمد عر فا ن ثمين  aچر اغو ں کے ا ند ھير ے (ا فسا نے )cمحمد عر فا ن ثمين  bChiraghon Ke Andhere (Urdu)aby Mohd. irfan Sameen  aN.Delhi bEducational Publishing Housec2019 ء aH.O.D1/16,Ansari Road,Darya ganj,bN.Delhie110002k45678285,23216162l0091-11-23211540 a200 ص c22 Cm(Hb)